[Event "Rowy Jantar op-B 11th"]
[Site "Rowy"]
[Date "2002.06.15"]
[Round "8"]
[White "Zacniewski, Artur"]
[Black "Konieczny, Arkadiusz"]
[Result "0-1"]
[WhiteElo "1800"]
[BlackElo "1800"]
[PlyCount "62"]
[EventDate "2002.06.??"]
[EventType "swiss"]
[EventRounds "8"]
[EventCountry "POL"]
[SourceTitle "EXT 2006"]
[Source "ChessBase"]
[SourceDate "2005.11.24"]
[SourceVersion "1"]
[SourceVersionDate "2005.11.24"]
[SourceQuality "1"]

1. e4 c6 2. d4 d5 3. Nc3 dxe4 4. Nxe4 Bf5 5. Ng3 Bg6 6. h4 h6 7. Nf3 Nd7 8. Bd3 Bxd3 9. Qxd3 Ngf6 10. Bd2 e6 11. 0-0-0 Bd6 12. Ne2 Qc7 13. Nc3 0-0-0 14. Rhe1 Nb6 15. Kb1 Nbd5 16. g3 Rdg8 17. Ne4 Nxe4 18. Qxe4 Nf6 19. Qe2 Qe7 20. Qc4 Kb8 21. Qb3 Rc8 22. c4 Ng4 23. Re2 Qf6 24. a4 Rhe8 25. Be1 e5 26. d5 c5 27. Ka2 Qg6 28. Nd2 f5 29. f3 Nf6 30. Qc2 e4 31. f4 Qf7 0-1

[Event "Rowy Jantar op-B 11th"]
[Site "Rowy"]
[Date "2002.06.11"]
[Round "4"]
[White "Drogosz, Zbigniew"]
[Black "Zacniewski, Artur"]
[Result "1-0"]
[WhiteElo "1800"]
[BlackElo "1800"]
[PlyCount "87"]
[EventDate "2002.06.??"]
[EventType "swiss"]
[EventRounds "8"]
[EventCountry "POL"]
[SourceTitle "EXT 2006"]
[Source "ChessBase"]
[SourceDate "2005.11.24"]
[SourceVersion "1"]
[SourceVersionDate "2005.11.24"]
[SourceQuality "1"]

1. e4 g6 2. d4 Bg7 3. Nc3 d6 4. Be3 Nf6 5. f3 0-0 6. Qd2 e5 7. 0-0-0 exd4 8. Bxd4 Nc6 9. Be3 a6 10. Bh6 Be6 11. h4 Qe7 12. g4 Rfe8 13. Bxg7 Kxg7 14. h5 Kg8 15. Nh3 Ne5 16. Be2 Bc4 17. Nf4 g5 18. Ng2 h6 19. Ne3 Bxe2 20. Qxe2 Kh7 21. Rdf1 Nc6 22. Ncd5 Nxd5 23. Nxd5 Qd8 24. f4 gxf4 25. Rxf4 Qg5 26. Kb1 Qxd5 27. exd5 Rxe2 28. dxc6 Rae8 29. b3 Kg8 30. cxb7 Rb8 31. Rhf1 Re7 32. Rb4 Re5 33. Rf5 Rxf5 34. gxf5 Kg7 35. Kb2 Kf6 36. Ka3 Kxf5 37. Ka4 Ke5 38. Ka5 c5 39. Rb6 f5 40. Kxa6 f4 41. Ka7 f3 42. Kxb8 f2 43. Ka7 f1Q 44. b8Q 1-0

[Event "Rowy Jantar op-B 11th"]
[Site "Rowy"]
[Date "2002.06.10"]
[Round "3"]
[White "Zacniewski, Artur"]
[Black "Stefaniak, Tomasz"]
[Result "1-0"]
[WhiteElo "1800"]
[BlackElo "2000"]
[PlyCount "91"]
[EventDate "2002.06.??"]
[EventType "swiss"]
[EventRounds "8"]
[EventCountry "POL"]
[SourceTitle "EXT 2006"]
[Source "ChessBase"]
[SourceDate "2005.11.24"]
[SourceVersion "1"]
[SourceVersionDate "2005.11.24"]
[SourceQuality "1"]

1. e4 e6 2. d4 d5 3. e5 c5 4. c3 Nc6 5. Be3 cxd4 6. cxd4 Qb6 7. Qd2 Bb4 8. Nc3 Nge7 9. Nf3 Nf5 10. Bd3 Nxe3 11. fxe3 Bd7 12. 0-0 h6 13. Qf2 0-0-0 14. a3 Be7 15. b4 Rdf8 16. Qc2 Kb8 17. Na4 Qd8 18. Nc5 f6 19. b5 Na5 20. Qc3 Bc8 21. Rfb1 b6 22. Nb3 Nxb3 23. Rxb3 g5 24. exf6 Bxf6 25. a4 g4 26. Ne1 Bh4 27. g3 Bg5 28. Ng2 h5 29. a5 h4 30. axb6 Qxb6 31. Ra6 Qc7 32. Rc6 Qf7 33. Qe1 Bb7 34. Rc2 h3 35. Nf4 e5 36. dxe5 d4 37. e6 Bxf4 38. exf4 Qh5 39. Be4 Bxe4 40. Qxe4 Qh7 41. Qe5+ Ka8 42. Rc7 Qxc7 43. Qxc7 Rc8 44. b6 Rxc7 45. bxc7 a5 46. Rb8+ 1-0